000 00547nam a2200205Ia 4500
005 20221217095442.0
008 131103s9999 xx 000 0 und d
040 _aLoreto College
041 _aEnglish
082 _a813.3
_bPOE-RAN
100 _aRans,Geoffrey
245 _aEdgar Allan Poe
_cGeoffrey Rans
260 _aEdinburgh
_bOliver and Boyd
_c1965
300 _a119 p.
440 _aWriters and Critics
504 _aIncludes bibliographical references
650 _aPoe,Edger Allan,1809 - 1849
850 _aLCLIB
942 _cBK
999 _c11631
_d62110